Análisis de un sexenio de educación en México, 1970-1976.

Guardado en:
書目詳細資料
主要作者: Latapí Sarre, Pablo (autor)
格式: 圖書
語言:西班牙语
版:5a edición
叢編:(Educación)
主題:
標簽: 添加標簽
沒有標簽, 成為第一個標記此記錄!

MARC

LEADER 00000cam^a2200000uu^4500
001 000512827
005 20250521000000.0
008 050901s1980^^^^^^^^^^^^rd^r^^000^0^spa^d
009 20260310130218.689
022 |a 9684291655 
035 |a FCE 000057037 
035 |a FCE 006441 
037 |a Acervo ITESO - Biblioteca 
041 |a spa 
082 0 4 |a 379.151  |b LATa 1987 
100 |a Latapí Sarre, Pablo  |e (autor) 
245 1 0 |a Análisis de un sexenio de educación en México, 1970-1976. 
250 |a 5a edición 
264 |a México :  |b Nueva Imagen,  |c 1987. 
300 |a 256 p. 
336 |a texto  |b txt  |2 rdacontenido 
337 |a sin mediación  |b n  |2 rdamedio 
338 |a volumen  |b nc  |2 rdasoporte 
440 0 |a (Educación) 
649 |a XX 
650 |a Sistema educativo 
650 |a Crítica 
650 |a Gobierno 
650 |a Análisis de sistema 
650 |a Políticas de educación 
910 |a Fondo Centro de Estudios Educativos 
920 |a Impresos - Libros 
930 |a Fondos Especiales 
905 |a 133 
901 |a ALE041462  |b IT2  |c CEE  |u 20250521 
902 |a https://opac.biblio.iteso.mx/vufind/Record/000512827